| 000 | 00480nam a2200157Ia 4500 | ||
|---|---|---|---|
| 008 | 240729s9999 xx 000 0 und d | ||
| 022 | _a2476-6283 | ||
| 245 | 0 | _aJournal of Applied Research in Water and Wastewater | |
| 260 | _aIran, Islamic Republic of | ||
| 260 | _bRazi University | ||
| 650 | _a Environmental technology. Sanitary engineering | ||
| 650 | _aTechnology | ||
| 856 | _uhttps://doaj.org/toc/10019b1135f245c8bdc935689ea8c312 | ||
| 942 | _2ddc | ||
| 942 | _cDOAJEJ | ||
| 999 |
_c70801 _d70801 |
||
| 945 |
_a1 _bMadushi Gamage _c1 _dMadushi Gamage |
||